000
00309nam a2200145Ia 4500
008
200305s9999 xx 000 0 und d
082
_a
337
082
_b
SIT
100
_a
SINGH KANT
245
_a
THEORY OF INTER
260
_a
NEW DELHI
_b
NYX ACAD
300
_a
272
650
_a
ECONOMICS
999
_c
35603
_d
35603
041
_a
eng